Las rutas de la complejidad.
Gespeichert in:
| Hauptverfasser: | , , |
|---|---|
| Format: | Buch |
| Sprache: | Spanisch |
| Veröffentlicht: |
Valparaíso, Chile:
Instituto de Sistemas Complejos de Valparaíso,
2014.
|
| Schlagworte: | |
| Tags: |
Tag hinzufügen
Keine Tags, Fügen Sie den ersten Tag hinzu!
|
MARC
| LEADER | 00000cam a2200000 a 4500 | ||
|---|---|---|---|
| 001 | UCC5280 | ||
| 003 | CL-VaPUC | ||
| 005 | 20240704135625.0 | ||
| 008 | 180927e20140000cl |||||||||||||||||spa|d | ||
| 999 | |c 372535 |d 372533 | ||
| 020 | |a 9789569478000 | ||
| 040 | |c Pontificia Universidad Católica de Valparaíso | ||
| 082 | 0 | 4 | |a 121 BUS 2014 |2 21 |
| 100 | |a Bustos Azócar, Edmundo |e autor |9 599590 | ||
| 245 | 1 | 4 | |a Las rutas de la complejidad. |
| 260 | |a Valparaíso, Chile: |b Instituto de Sistemas Complejos de Valparaíso, |c 2014. | ||
| 300 | |a 229 páginas. | ||
| 500 | |a c.1. Donación Sr. Claudio Elórtegui R. / julio 2022. | ||
| 583 | |a last modification |c 20180927 22:58:00 |k Rodrigo Vera | ||
| 650 | 7 | |a Complejidad |2 CL-VaPUC |9 419204 | |
| 650 | 7 | |a Teoría de redes |2 CL-VaPUC |9 423617 | |
| 650 | 0 | |a Teoría de sistemas |9 260742 | |
| 650 | 0 | |a Teoría del conocimiento |9 255038 | |
| 700 | 0 | |a Marquet, Pablo A |e author |9 599591 | |
| 700 | 0 | |a Palacios, Adrián G |e author |9 599592 | |
| 942 | |c BK |2 ddc | ||
| 945 | |d 20180927 22:58:00 |a dcastane | ||
| 952 | |0 0 |1 0 |3 erb |4 0 |6 121_000000000000000_BUS_2014 |7 0 |8 X |9 490215 |a FDOBUD |b FDOBUD |i 5500907 |o 121 BUS 2014 |p 5500907 |r 2019-11-24 |w 2019-11-24 |y BK_X |z Catalogado en:20180927 |k FHP | ||
| 952 | |0 0 |1 0 |2 ddc |4 0 |6 121_000000000000000_BUS_2014 |7 0 |8 A |9 587547 |a BIBEDU |b BIBEDU |c GEN |d 2022-11-03 |e Donación |i 5655379 |l 1 |m 2 |o 121 BUS 2014 |p 5655379 |r 2023-06-06 |s 2022-11-16 |t 1 |w 2022-11-03 |y BK |k FIL | ||